LDR 00805naa#a2200181#i#450# 001 EN\\bibl\19976 005 20260701133844.3 100 ## _a20260630b2026####ek#y0engy0150####ca 102 ## _aRU 200 1# _aINFORMATION SYSTEMS FOR DECISION SUPPORT IN RETAIL TRADE BASED ON DATA ANALYSIS _eConference article/thesis 210 1# _aVoronezh _cFSBE Institution of Higher Education Voronezh State University of Forestry and Technologies named after G.F. Morozov _d2026 215 ## _a6 с. 608 ## _aConference article/thesis _2local 675 ## _aИнформационные технологии. Компьютерные технологии. Теория вычислительных машин и систем. 004 _z 700 #1 _aLutsko _gD. P. 700 #1 _aBuzdin _gV. E. 700 #1 _aAvdeev _gK. A. 856 4# _abibl.vgltu.ru _u